El texto antioqueno de la biblia griega / (Record no. 38874)
[ view plain ]
| 000 -CABECERA | |
|---|---|
| campo de control de longitud fija | 00835nam a2200229 a 4500 |
| 001 - NÚMERO DE CONTROL | |
| campo de control | 000039384 |
| 003 - IDENTIFICADOR DEL NÚMERO DE CONTROL | |
| campo de control | DO-SdBNP |
| 005 - FECHA Y HORA DE LA ÚLTIMA TRANSACCIÓN | |
| campo de control | 20250625103835.0 |
| 008 - DATOS DE LONGITUD FIJA--INFORMACIÓN GENERAL | |
| campo de control de longitud fija | 130625s1989 sp 000 0 spa d |
| 020 ## - NÚMERO INTERNACIONAL ESTÁNDAR DEL LIBRO | |
| Número Internacional Estándar del Libro | 8400069714 |
| 040 ## - FUENTE DE LA CATALOGACIÓN | |
| Centro catalogador/agencia de origen | DO-SdBNP |
| Lengua de catalogación | spa |
| Centro/agencia transcriptor | BNPHU |
| 100 1# - ENTRADA PRINCIPAL--NOMBRE DE PERSONA | |
| Nombre de persona | Fernández Marcos, Natalio |
| 9 (RLIN) | 15285 |
| 245 13 - MENCIÓN DE TÍTULO | |
| Título | El texto antioqueno de la biblia griega / |
| Mención de responsabilidad, etc. | Natalio Fernández Marcos, José Ramón Busto Saiz. |
| 260 ## - PUBLICACIÓN, DISTRIBUCIÓN, ETC. | |
| Lugar de publicación, distribución, etc. | Madrid : |
| Nombre del editor, distribuidor, etc. | Consejo Superior de Investigaciones Científicas |
| -- | Instituto de Filología, |
| Fecha de publicación, distribución, etc. | 1989. |
| 300 ## - DESCRIPCIÓN FÍSICA | |
| Extensión | v. ; |
| Dimensiones | 26 cm. |
| 490 0# - MENCIÓN DE SERIE | |
| Mención de serie | Consejo Nacional de Población y Familia |
| Designación de volumen o secuencia | no. 50 |
| 500 ## - NOTA GENERAL | |
| Nota general | Incluye notas al pie de las páginas |
| 500 ## - NOTA GENERAL | |
| Nota general | La biblioteca posee los volúmenes I, II y III |
| 500 ## - NOTA GENERAL | |
| Nota general | Incluye bibliografía |
| 700 1# - PUNTO DE ACCESO ADICIONAL--NOMBRE DE PERSONA | |
| Nombre de persona | Busto Saiz, José Ramón |
| 9 (RLIN) | 65411 |
| 942 ## - ELEMENTOS DE PUNTO DE ACCESO ADICIONAL (KOHA) | |
| Fuente del sistema de clasificación o colocación | Dewey Decimal Classification |
| Tipo de ítem Koha | Libro |
| Estado de retiro | Estado de pérdida | Fuente del sistema de clasificación o colocación | Restricciones de uso | No para préstamo | Código de colección | Localización permanente | Ubicación/localización actual | Ubicación en estantería | Fecha de adquisición | Número de inventario | Total de préstamos | Signatura topográfica completa | Código de barras | Fecha visto por última vez | Precio válido a partir de | Tipo de ítem Koha |
|---|---|---|---|---|---|---|---|---|---|---|---|---|---|---|---|---|
| Dewey Decimal Classification | Préstamo en sala | Monografías: Libros y Folletos | General | General | Orden iniciada | 25.06.2013 | LF1 | 39384-10 | 25.06.2020 | 25.06.2020 | No se presta |
